Sports Illustrated Covers (1980s) II Quiz Stats

 Plays Quiz Updated Oct 23, 2017

Challenge
Share
Tweet
Score 0/30 Timer 07:00
1 Play Today
Athlete % Correct
Pete Rose
90.5%
Walter Payton
83.8%
Reggie Jackson
74.1%
Eric Dickerson
73.1%
James Worthy
70.3%
Franco Harris
69.6%
Deion Sanders
68.2%
Bjorn Borg
67.7%
Howard Cosell
67.6%
Rick Sutcliffe & Dwight Gooden
66.6%
Lawrence Taylor
65.1%
Vinny Testaverde
64.3%
Len Bias
62.3%
Chris Evert
61%
Jim Plunkett
56.5%
Athlete % Correct
Orel Hershiser
56%
Martina Navratilova
55.5%
Rod Carew
55.3%
Diego Maradona
53.8%
Ralph Sampson
53.4%
Steve Garvey
52.7%
Larry Holmes
50.8%
Isiah Thomas
46.7%
Jack Lambert
44.8%
Roberto Duran
44.1%
Gaylord Perry
43.5%
Thomas Hearns
41.4%
Marcus Dupree
33%
Mary Decker
27.4%
Bill Elliott
18.9%

You're not logged in!

Compare scores with friends on all Sporcle quizzes.
OR
Log In

You Might Also Like...

Show Comments

Extras

Top Quizzes Today


Score Distribution

Your Account Isn't Verified!

In order to create a playlist on Sporcle, you need to verify the email address you used during registration. Go to your Sporcle Settings to finish the process.

Report this User

Report this user for behavior that violates our Community Guidelines.

Details: